| 000 | 00486cam a2200205ua 4500 | ||
|---|---|---|---|
| 001 | 3200 | ||
| 005 | 20260515113640.0 | ||
| 008 | 150218n ii |||gr||||Z||||||eng | ||
| 040 | _cMAIN | ||
| 041 | _aeng | ||
| 082 | _a891.4513 | ||
| 100 | _aBaruah, Kanchan, | ||
| 245 |
_aAshanta prahar _cby Kanchan Baruah |
||
| 250 | _a1st. | ||
| 260 |
_a[s.l]: _b[s.n]. |
||
| 300 |
_a204p: _c23cm. |
||
| 653 | _aEast Indo-European & Celtic literatures | ||
| 653 | _aAshanta prahar | ||
| 942 | _cBK | ||
| 999 |
_c3044 _d3044 |
||